000 00841cam a22002654a 4500
001 16036204
005 20171219072043.0
008 091228s2011 nju b 001 0 eng
010 _a 2009053910
020 _a9780135089811
035 _a(DNLM)101521613
040 _aDNLM/DLC
_cDLC
041 _aeng
042 _apcc
060 1 0 _aWB 330
_bA215p 2011
080 _a615.1 MCH
082 0 0 _a615.1 MCH
_222
100 1 _a5
101 _aFAR
245 1 0 _aPharmacology for nurses :
_cMichael Patrick Adams, Leland Norman Holland Jr., Carol Quam Urban.
504 _aIncludes bibliographical references and index.
906 _a7
_bcbc
_corignew
_d1
_eecip
_f20
_gy-gencatlg
942 _2ddc
_cBK
999 _c39163
_d39163